| 000 | 06580nam a2200613 a 4500 | ||
|---|---|---|---|
| 005 | 20040830074820.0 | ||
| 008 | 950111r19791977nyua | 00| 0 eng | ||
| 010 | _aB-312620-645 | ||
| 020 |
_a8186775080 _c225.00 |
||
| 020 |
_a8186775080 _c250.00 (cost revised) |
||
| 035 | _aB-312620-645 | ||
| 035 | _aB-3157648 | ||
| 037 | _bUBH | ||
| 040 |
_aDPL _bEnglish |
||
| 082 | _a305.3 | ||
| 100 | _aBarbara | ||
| 245 |
_aWhy men don't listen [and] women can't read maps / _cby Barbara [and] Allan Pease |
||
| 260 |
_aBhopal _bManjul Publishing House _c2007 |
||
| 270 |
_a10, Nishant Colony _bBhopal _e462003 _k917554240340 _l+917552736919 _mmanjul@manjulindia.com |
||
| 300 |
_axx, 300 p.: _c21 cm. (pbk) _bill. |
||
| 500 | _aincludes bibliographical references | ||
| 700 | _aPease, Allan | ||
| 856 |
_3Publisher description _uhttp://www.loc.gov/catdir/description/random042/95102895.html |
||
| 942 |
_2ddc _cEN _h305.3 _mBAR |
||
| 999 |
_c15816 _d15816 |
||